Statistiques concernant Disney paroles - La Berceuse d'Ahtohallan (La Reine des Neiges 2)

Cliquez ici pour prendre le quiz!

Statistiques générales

  • Ce quiz a été pris 292 fois
  • Le résultat moyen est 85 sur 99

Statistiques - réponses

Réponse% Correct
dans
98%
dans
98%
Dans
98%
Le
98%
le
98%
le
98%
le
98%
le
98%
ne
98%
ne
98%
danser,
97%
danser.
97%
Quand
97%
Quand
97%
vent
97%
vent
97%
vient
97%
vient
97%
frais
96%
frais
96%
pas
96%
pas
96%
La
95%
pour
95%
pour
95%
pour
95%
pour
95%
chante
94%
chante
94%
tu
93%
tu
93%
de
92%
de
92%
oublier.
92%
rivière
92%
un
92%
Si
91%
si
91%
ce
89%
noyer.
89%
passé
89%
passé.
89%
garde
88%
Prends
88%
t'y
88%
des
86%
des
86%
plonges
86%
miroir.
85%
reflet
85%
veux
85%
Elle
84%
grand
84%
les
84%
peur.
84%
ton
84%
une
84%
voir
84%
enfant
83%
mon
83%
qui
83%
Dors
82%
écouter.
82%
Ferme
82%
l'eau
82%
l'eau.
82%
yeux
82%
du
81%
et
81%
maman
81%
flots.
79%
nous.
79%
plus
79%
toute
79%
doux,
78%
l'air
78%
magie
78%
murmure
78%
rêve
78%
Cette
77%
chanson
77%
chemin
77%
éveillée.
77%
au
76%
fond
76%
Il
76%
reste
76%
sait
76%
secret
76%
soir
76%
claire
75%
coeurs.
74%
tendre
74%
apprivoiser
70%
faut
70%
trouver
68%
n'aie
63%
nos
55%
peurs
51%

Distribution des résultats

Percentile par nombre de réponses

% des personnes avec chaque résultat

Votre développement - résultats

Vous n’avez pas pris ce quiz